<?xml version="1.0" encoding="UTF-8"?>
<record
    xmlns:xsi="http://www.w3.org/2001/XMLSchema-instance"
    xsi:schemaLocation="http://www.loc.gov/MARC21/slim http://www.loc.gov/standards/marcxml/schema/MARC21slim.xsd"
    xmlns="http://www.loc.gov/MARC21/slim">

  <leader>02421nam a2200301 i 4500</leader>
  <controlfield tag="003">DO-SdBNP</controlfield>
  <controlfield tag="005">20250129121827.0</controlfield>
  <controlfield tag="007">ta</controlfield>
  <controlfield tag="008">231127b1992    dr c|||| |||| 00| 0 eng d</controlfield>
  <datafield tag="040" ind1=" " ind2=" ">
    <subfield code="a">DO-SdBNP</subfield>
    <subfield code="b">spa</subfield>
    <subfield code="c">BNPHU</subfield>
    <subfield code="e">rda</subfield>
  </datafield>
  <datafield tag="082" ind1=" " ind2="4">
    <subfield code="a">759.7293</subfield>
    <subfield code="b">M647</subfield>
    <subfield code="2">22</subfield>
  </datafield>
  <datafield tag="100" ind1="1" ind2="1">
    <subfield code="a">Miller, Jeannette,</subfield>
    <subfield code="d">1944-</subfield>
    <subfield code="9">83484</subfield>
  </datafield>
  <datafield tag="245" ind1="1" ind2="3">
    <subfield code="a">El paisaje dominicano : </subfield>
    <subfield code="b">pintura y poes&#xED;a /</subfield>
    <subfield code="c">Jeannette Miller, Freddy Gat&#xF3;n Arce</subfield>
  </datafield>
  <datafield tag="264" ind1=" " ind2="1">
    <subfield code="a">Santo Domingo :</subfield>
    <subfield code="b">Banco BHD,</subfield>
    <subfield code="c">1992.</subfield>
  </datafield>
  <datafield tag="300" ind1=" " ind2=" ">
    <subfield code="a">104 p&#xE1;ginas</subfield>
    <subfield code="b">retratos </subfield>
    <subfield code="c">32 cm.</subfield>
  </datafield>
  <datafield tag="336" ind1=" " ind2=" ">
    <subfield code="2">rdacontent</subfield>
    <subfield code="a">texto</subfield>
    <subfield code="b">txt</subfield>
  </datafield>
  <datafield tag="337" ind1=" " ind2=" ">
    <subfield code="2">rdamedia</subfield>
    <subfield code="a">sin mediaci&#xF3;n</subfield>
    <subfield code="b">n</subfield>
  </datafield>
  <datafield tag="338" ind1=" " ind2=" ">
    <subfield code="2">rdacarrier</subfield>
    <subfield code="a">volumen</subfield>
    <subfield code="b">nc</subfield>
  </datafield>
  <datafield tag="500" ind1=" " ind2=" ">
    <subfield code="a">Incluye datos biograf&#xED;cos de los autores en las paginas 101 y 102.</subfield>
  </datafield>
  <datafield tag="500" ind1=" " ind2=" ">
    <subfield code="a">Incluye datos sobre los poetas en las paginas 97-99.</subfield>
  </datafield>
  <datafield tag="500" ind1=" " ind2=" ">
    <subfield code="a">Vig&#xE9;simo aniversario empresas BHD.</subfield>
  </datafield>
  <datafield tag="504" ind1=" " ind2=" ">
    <subfield code="a">Bibliograf&#xED;a p: 24.</subfield>
  </datafield>
  <datafield tag="505" ind1="0" ind2=" ">
    <subfield code="r">Jeannette Miller --</subfield>
    <subfield code="t">El paisaje en la pintura dominicana /</subfield>
    <subfield code="r">Freddy Gat&#xF3;n Arce --</subfield>
    <subfield code="t">Nota sobre los poemas /</subfield>
    <subfield code="r">Emilio Prud&#xB4;Homme --</subfield>
    <subfield code="t">Contrastes /</subfield>
    <subfield code="r">Vigil Diaz --</subfield>
    <subfield code="t">T&#xED;mpano de la monta&#xF1;a /</subfield>
    <subfield code="r">V&#xED;ctor Garrido --</subfield>
    <subfield code="t">El camino en la monta&#xF1;a /</subfield>
    <subfield code="r">Ricardo P&#xE9;rez Alfonseca --</subfield>
    <subfield code="t">Crep&#xFA;sculo /</subfield>
    <subfield code="r">Domingo Moreno Jim&#xE9;nez --</subfield>
    <subfield code="t">Paisajes /</subfield>
    <subfield code="r">Rafael Am&#xE9;rico Henr&#xED;quez --</subfield>
    <subfield code="t">Va cantando /</subfield>
    <subfield code="r">Manuel Llanes --</subfield>
    <subfield code="t">Noche ya /</subfield>
    <subfield code="r">Tom&#xE1;s Hern&#xE1;ndez Franco --</subfield>
    <subfield code="t">Otro despu&#xE9;s /</subfield>
    <subfield code="r">Franklin Mieses Burgos --</subfield>
    <subfield code="t">El r&#xED;o /</subfield>
    <subfield code="r">H&#xE9;ctor Inchaustegui Cabral --</subfield>
    <subfield code="t">Por Copacabana buscando -trece /</subfield>
    <subfield code="r">Manuel del Cabral --</subfield>
    <subfield code="t">Hu&#xE9;sped primero /</subfield>
    <subfield code="r">Pedro Mir --</subfield>
    <subfield code="t">Material de mi aldea /</subfield>
    <subfield code="r">Rub&#xE9;n Suro --</subfield>
    <subfield code="t">Soneto de yodo y sal /</subfield>
    <subfield code="r">Aida Cartagena Portalat&#xED;n --</subfield>
    <subfield code="t">Fiesta del regreso /</subfield>
    <subfield code="r">Freddy Gat&#xF3;n Arce --</subfield>
    <subfield code="t">La tala /</subfield>
    <subfield code="r">Manuel Rueda --</subfield>
    <subfield code="t">El peque&#xF1;o dios /</subfield>
    <subfield code="r">Ram&#xF3;n Francisco --</subfield>
    <subfield code="t">Los techos /</subfield>
    <subfield code="r">Lupo Hern&#xE1;ndez Rueda --</subfield>
    <subfield code="t">Cr&#xF3;nicas del Sur -XVII /</subfield>
    <subfield code="r">Abelardo Vicioso --</subfield>
    <subfield code="t">Argumento de la sangre -I /</subfield>
    <subfield code="r">M&#xE1;ximo Avil&#xE9;s Blonda --</subfield>
    <subfield code="t">Verano III /</subfield>
    <subfield code="r">Rafael Lara Cintr&#xF3;n --</subfield>
    <subfield code="t">Viento de las praderas /</subfield>
    <subfield code="r">Luis Alfredo Torres --</subfield>
    <subfield code="t">Asidero /</subfield>
    <subfield code="r">Ren&#xE9; del Risco Berm&#xFA;dez --</subfield>
    <subfield code="t">Las ramas /</subfield>
    <subfield code="r">Jeannette Miller --</subfield>
    <subfield code="t">Desandando /</subfield>
    <subfield code="r">Juan Carlos Mieses --</subfield>
    <subfield code="t">Ciudad de siempre /</subfield>
    <subfield code="r">Jos&#xE9; Enrique Garc&#xED;a --</subfield>
    <subfield code="t">El fabulador /</subfield>
    <subfield code="r">Soledad Alvarez --</subfield>
    <subfield code="t">Paisaje /</subfield>
    <subfield code="r">Rafael Garc&#xED;a Bid&#xF3; --</subfield>
    <subfield code="t">Ciudades /</subfield>
    <subfield code="r">Cayo Claudio Espinal --</subfield>
    <subfield code="t">Utop&#xED;a de los v&#xED;nculos /</subfield>
    <subfield code="r">Jos&#xE9; M&#xE1;rmol --</subfield>
    <subfield code="t">Poema 24 al Ozama: acuarela /</subfield>
  </datafield>
  <datafield tag="590" ind1=" " ind2=" ">
    <subfield code="a">Inventariado, 2023/ YL</subfield>
  </datafield>
  <datafield tag="700" ind1="1" ind2=" ">
    <subfield code="a">Gat&#xF3;n Arce, Freddy,</subfield>
    <subfield code="d">1920-1994</subfield>
    <subfield code="e">poes&#xED;a </subfield>
    <subfield code="9">7946</subfield>
  </datafield>
  <datafield tag="910" ind1=" " ind2=" ">
    <subfield code="a">YLockward</subfield>
  </datafield>
  <datafield tag="942" ind1=" " ind2=" ">
    <subfield code="2">ddc</subfield>
    <subfield code="c">LBS1</subfield>
  </datafield>
  <datafield tag="952" ind1=" " ind2=" ">
    <subfield code="0">0</subfield>
    <subfield code="1">0</subfield>
    <subfield code="2">ddc</subfield>
    <subfield code="5">1</subfield>
    <subfield code="7">0</subfield>
    <subfield code="8">PD</subfield>
    <subfield code="a">BNPHU</subfield>
    <subfield code="b">BNPHU</subfield>
    <subfield code="c">CT</subfield>
    <subfield code="d">2023-09-15</subfield>
    <subfield code="e">Banco BHD</subfield>
    <subfield code="l">0</subfield>
    <subfield code="o">BNPHU PD 759.7293 M648p</subfield>
    <subfield code="p">2023-8042</subfield>
    <subfield code="r">2023-10-31</subfield>
    <subfield code="w">2023-10-31</subfield>
    <subfield code="y">LBS1</subfield>
  </datafield>
  <datafield tag="999" ind1=" " ind2=" ">
    <subfield code="c">55348</subfield>
    <subfield code="d">55348</subfield>
  </datafield>
</record>
